Bienes : (Record no. 121816)
[ view plain ]
| 000 -LEADER | |
|---|---|
| fixed length control field | 00770nam a22002177a 4500 |
| 005 - DATE AND TIME OF LATEST TRANSACTION | |
| control field | 20161115130329.0 |
| 008 - FIXED-LENGTH DATA ELEMENTS--GENERAL INFORMATION | |
| fixed length control field | 161115b2016 mx ||||| |||| 001 0dspa d |
| 020 ## - INTERNATIONAL STANDARD BOOK NUMBER | |
| International Standard Book Number | 9786070922909 |
| 050 04 - LIBRARY OF CONGRESS CALL NUMBER | |
| Classification number | KGF550 |
| Item number | T37 2016 |
| 100 1# - MAIN ENTRY--PERSONAL NAME | |
| Personal name | Tapia Ramírez, Javier, |
| Relator term | autor |
| 245 10 - TITLE STATEMENT | |
| Title | Bienes : |
| Remainder of title | Derechos reales, derechos de autor y registro público de la propiedad / |
| Statement of responsibility, etc | Javier Tapia Ramírez. |
| 250 ## - EDITION STATEMENT | |
| Edition statement | Tercera edición |
| 260 ## - PUBLICATION, DISTRIBUTION, ETC. (IMPRINT) | |
| Place of publication, distribution, etc | México : |
| Name of publisher, distributor, etc | Porrúa, |
| Date of publication, distribution, etc | c2016 |
| 300 ## - PHYSICAL DESCRIPTION | |
| Extent | xiii, 534 páginas : |
| Other physical details | il. ; |
| Dimensions | 24 cm. |
| 504 ## - BIBLIOGRAPHY, ETC. NOTE | |
| Bibliography, etc | Bibliografía : p. 501-506 |
| 504 ## - BIBLIOGRAPHY, ETC. NOTE | |
| Bibliography, etc | Incluye anexos, glosario e índice |
| 650 #7 - SUBJECT ADDED ENTRY--TOPICAL TERM | |
| Source of heading or term | lemb |
| Topical term or geographic name as entry element | Derecho civil |
| General subdivision | Bienes |
| Geographic subdivision | México |
| 650 #7 - SUBJECT ADDED ENTRY--TOPICAL TERM | |
| Source of heading or term | lemb |
| Topical term or geographic name as entry element | Derechos de autor |
| Geographic subdivision | México |
| 650 #7 - SUBJECT ADDED ENTRY--TOPICAL TERM | |
| Source of heading or term | lemb |
| Topical term or geographic name as entry element | Registro público |
| Geographic subdivision | México |
| 942 ## - ADDED ENTRY ELEMENTS (KOHA) | |
| Source of classification or shelving scheme | Biblioteca del Cogreso de los Estados Unidos |
| Koha item type | Libro |
| Estado de pérdida | Fuente de clasificación | Estado del daño | No para préstamo | Ubicación permanente | Ubicación actual | Apartado o colección | Fecha de adquisición | Fuente de adquisición | Edición | Enumeración de Serie / Cronológica | Dependencia de educación superior (DES) | Área del conocimiento | Clasificación | Código de Barras | Date last seen | Número de copia | Tipo de recurso |
|---|---|---|---|---|---|---|---|---|---|---|---|---|---|---|---|---|---|
| Biblioteca del Cogreso de los Estados Unidos | Biblioteca de la Facultad de Derecho y Ciencias Sociales "Felipe J. Tena" | Biblioteca de la Facultad de Derecho y Ciencias Sociales "Felipe J. Tena" | General | 15/11/2016 | Dirección General de Bibliotecas Generico | 3a ed. | BFD000008066 | Derecho | Ciencias Sociales y Administrativas | KGF550 T37 2016 3A ED. | BFD000008066 | 15/11/2016 | 1 | Libro | |||
| Biblioteca del Cogreso de los Estados Unidos | Biblioteca de la Facultad de Derecho y Ciencias Sociales "Felipe J. Tena" | Biblioteca de la Facultad de Derecho y Ciencias Sociales "Felipe J. Tena" | General | 15/11/2016 | Dirección General de Bibliotecas Generico | 3a ed. | BFD000008067 | Derecho | Ciencias Sociales y Administrativas | KGF550 T37 2016 3A ED. | BFD000008067 | 15/11/2016 | 2 | Libro |